LEADER 01031cam2-2200325---450- 001 990005990770203316 005 20141215103653.0 035 $a000599077 035 $aUSA01000599077 035 $a(ALEPH)000599077USA01 035 $a000599077 100 $a20110420d1969----km-y0itay50------ba 101 0 $aita 102 $aIT 105 $a||||||||001yy 200 1 $a<> grande fabbrica in Italia e la formazione del proletariato industriale di massa$fStefano Merli 210 $aMilano$cDedalo$d1969 215 $a276 p.$d21 cm 461 0$10010102562$12001$aClasse 606 0 $aOperai$xCondizioni socioeconomiche$yItalia 676 $a305.5620945 801 0$aIT$bsalbc$gISBD 912 $a990005990770203316 951 $aXVII.2149 1$b1128/1 DBC$cXVII$d362537 959 $aBK 969 $aDBC 979 $aPASSARO$b90$c20141215$lUSA01$h1030 979 $aPASSARO$b90$c20141215$lUSA01$h1036 996 $aGrande fabbrica in Italia e la formazione del proletariato industriale di massa$91078212 997 $aUNISA LEADER 01289cam0-22004451i-450 001 990006640710403321 005 20200219124135.0 035 $a000664071 035 $aFED01000664071 035 $a(Aleph)000664071FED01 035 $a000664071 100 $a20010426d1987----km-y0itay50------ba 101 0 $aita 102 $aIT 105 $aa-------001yy 200 1 $aAtlante economico e commerciale d'Italia$fa cura della SOMEA 210 $aRoma$cLevi$dc1987 215 $a2 v.$cill.$d44 cm 327 1 $a1: Metodologia e dati$a2: Cartografia 610 0 $aItalia$aEconomia 610 0 $aItalia$aCartografia 676 $a025.17 710 02$aSocietà per la matematica e l'economia applicate$0117669 801 0$aIT$bUNINA$gRICA$2UNIMARC 901 $aBK 912 $a990006640710403321 952 $aVII A 262$b8225-26$fFSPBC 952 $aA/1.5 SOM$b9260-61$fSES 952 $aXV A 44$b2724*$fFGBC 952 $aCons.3 Atl.009(2)$bBibl.C.1427$fILFGE 952 $aCons.3 Atl.009(1)$bBibl.C.1427$fILFGE 952 $a01 G IV 15.1$fDINST 952 $a01 G IV 15.2$b00477$fDINST 959 $aFSPBC 959 $aSES 959 $aDINST 959 $aFGBC 959 $aILFGE 996 $aAtlante economico e commerciale d'Italia$9614185 997 $aUNINA